[Event "Kiev Spring op"]
[Site "Kiev"]
[Date "2023.03.27"]
[Round "3"]
[White "Tytianiuk, Artem"]
[Black "Demenyk, Vladyslav"]
[Result "1/2-1/2"]
[WhiteElo "1447"]
[BlackElo "1864"]
[PlyCount "82"]
[EventDate "2023.03.25"]
[EventType "swiss"]
[EventRounds "9"]
[EventCountry "UKR"]
[SourceTitle "EXT 2024"]
[Source "ChessBase"]
[SourceDate "2023.10.10"]
[SourceVersion "1"]
[SourceVersionDate "2023.10.10"]
[SourceQuality "1"]

1. e4 c6 2. Nf3 d5 3. d3 Bg4 4. h3 Bh5 5. Be2 e6 6. c3 Bd6 7. 0-0 Nd7 8. exd5 cxd5 9. Re1 Ngf6 10. a4 0-0 11. Na3 a6 12. d4 Qc7 13. Ne5 Bxe2 14. Qxe2 Ne4 15. Bf4 Nb6 16. f3 Nf6 17. a5 Nbd7 18. Nxd7 Qxd7 19. Bxd6 Qxd6 20. Qe5 Qd8 21. Nc2 Ne8 22. Ne3 b6 23. c4 dxc4 24. Nxc4 b5 25. Nb6 Ra7 26. d5 exd5 27. Rad1 Nf6 28. b4 Rc7 29. Nxd5 Nxd5 30. Rxd5 Qc8 31. Rd6 Rc6 32. Re4 Rxd6 33. Qxd6 Rd8 34. Qb6 h6 35. Rg4 Kh7 36. Re4 Rd7 37. Rd4 Re7 38. f4 Qc1+ 39. Kh2 Re6 40. Qb7 Qe3 41. Qd5 Rg6 1/2-1/2